• 首页
  • 本馆介绍
  • 公告通知
  • 最新文献
  • 馆藏检索
  • 电子资源
  • 读者导购
  • 参考咨询
  • 我的图书馆
  • 登录
  • 详细信息显示
  • 放入我的书架
  • 预约/预借图书
  • 作者相关作品
  • 分类相关作品
  • 丛书相关作品
  • 出版社相关作品

书目信息

  • 表格格式
  • 工作单格式
  • 卡片格式
题名:
农机修理
    
 
作者: ;华中农学院农机系 , 湖北新洲县农机局 编
分册:  
出版信息: 北京   人民教育出版社  1978
页数: 517页
开本: 19cm
丛书名: 农业机械化丛书
单 册:
中图分类: S232.8
科图分类:
主题词: 农业机械--维修
电子资源:
ISBN:
000 00760nam2 2200265 45
001 0178000086
005 20060815145941.30
010    @dCNY1.00
091    @a15012.035
100    @a19950802d1978 em y0chiy0121 ea
101 0  @achi
102    @aCN@b110000
105    @ay z 000yy
200 10 @a农机修理@Anong ji xiu li@f华中农学院农机系,湖北新洲县农机局编
210    @a北京@c人民教育出版社@d1978
215    @a517页@d19cm
225 2  @a农业机械化丛书
410  0 @120010@a农业机械化丛书
606    @a农业机械@x维修
610 0  @a农机
690    @aS232.8@v3
711 02 @a华中农学院农机系@Ahua zhong nong xue yuan nong ji xi@4编
711 02 @a湖北新洲县农机局@Ahu bei xin zhou xian nong ji ju@4编
801  0 @aCN@bTSSF@c20060815
905    @dS232.8@e25
    
    农机修理/华中农学院农机系,湖北新洲县农机局编.-北京:人民教育出版社,1978
    517页;19cm.-(农业机械化丛书)
    
    
    ISBN :CNY1.00
    
●
相关链接 在E读中查询图书 在五车中查询图书 在当当中查询图书 在豆瓣中查询图书


正题名:农机修理     索取号:S232.8/25         预约/预借

序号 登录号 条形码 馆藏地/架位号 状态 备注
1 0438539   204385398   密集书库/ [索取号:S232.8/25] 在馆    
2 0438540   204385405   密集书库/ [索取号:S232.8/25] 在馆    
3 0458533   204585332   密集书库/ [索取号:S232.8/25] 在馆    
唐山师范学院图书馆 欢迎您!
大连网信软件有限公司© 版权所有